000 01428cam a2200349 a 4500
001 13581
003 BD-RjUL
005 20211208235457.0
008 140201s2010 njua b 001 0 eng
020 _a9780470452363 (cloth)
020 _a0470452366 (cloth)
035 _a(BD-RjUL)13633
040 _aDLC
_cDLC
_dC#P
_dYDXCP
_dDLC
_dBD-RjUL
_beng
041 _aeng
082 0 0 _a332.673
_222
_bFIF 2010
110 _aFisher Investments.
_942496
245 0 0 _aFisher Investments on emerging markets /
_cFisher Investments, with Austin B. Fraser.
260 _aHoboken, N.J. :
_bWiley,
_cc2010.
300 _axvi, 224 p. :
_bill. ;
_c24 cm.
490 1 _aFisher Investment press series
504 _aIncludes bibliographical references and index.
505 0 _aThe five Ws of emerging markets -- Lions, tigers, and dragons, oh my! -- Latin America and the vagaries of boom and bust -- From the rubble of the Iron Curtain to the legacy of apartheid -- From the past to today : how to approach emerging markets -- Developing portfolio drivers -- Security analysis -- Putting it together.
650 0 _aInvestment analysis.
_942465
650 0 _aInvestments, Foreign.
_942466
650 0 _aSecurities.
_942467
650 0 _aPortfolio management.
_911941
700 1 _aFraser, Austin B.
_942468
830 0 _aFisher Investments on series.
_942469
942 _2ddc
_cBK
999 _c13581
_d13581